[Event "Wch U14 Girls"]
[Site "Montesilvano"]
[Date "2023.11.24"]
[Round "11"]
[White "Aswinika Mani, R."]
[Black "Li, Anna Sofie"]
[Result "1-0"]
[WhiteElo "1472"]
[BlackElo "1722"]
[PlyCount "59"]
[EventDate "2023.11.13"]
[EventType "swiss"]
[EventRounds "11"]
[EventCountry "ITA"]
[SourceTitle "CB48_2023"]
[SourceDate "2023.11.29"]
[SourceVersion "1"]
[SourceVersionDate "2023.11.29"]
[SourceQuality "1"]

1. e4 e5 2. Nf3 Nc6 3. Bc4 Nf6 4. d3 Bc5 5. c3 a6 6. a4 d6 7. h3 h6 8. b4 Ba7 9. 0-0 Ne7 10. Nbd2 g5 11. d4 Ng6 12. Re1 g4 13. hxg4 Bxg4 14. Nf1 Bxf3 15. Qxf3 exd4 16. Bf4 Ne5 17. Bxe5 dxe5 18. cxd4 Bxd4 19. Rad1 Qe7 20. Rxd4 exd4 21. e5 Nh7 22. Qxb7 0-0 23. Ng3 Rfb8 24. Qe4 Ng5 25. Qg6+ Kh8 26. Qxh6+ Nh7 27. Bd3 f6 28. exf6 Qxe1+ 29. Kh2 Kg8 30. Qg7# 1-0

[Event "Wch U14 Girls"]
[Site "Montesilvano"]
[Date "2023.11.18"]
[Round "6"]
[White "Li, Anna Sofie"]
[Black "Orazalina, Nursulu"]
[Result "0-1"]
[WhiteElo "1722"]
[BlackElo "1428"]
[PlyCount "100"]
[EventDate "2023.11.13"]
[EventType "swiss"]
[EventRounds "11"]
[EventCountry "ITA"]
[SourceTitle "CB48_2023"]
[SourceDate "2023.11.29"]
[SourceVersion "1"]
[SourceVersionDate "2023.11.29"]
[SourceQuality "1"]

1. e4 c5 2. Nf3 Nc6 3. d4 cxd4 4. Nxd4 Nf6 5. Nc3 e5 6. Ndb5 d6 7. Nd5 Nxd5 8. exd5 Nb8 9. c4 Be7 10. Be3 a6 11. Nc3 0-0 12. Bd3 f5 13. f3 Bh4+ 14. g3 Bg5 15. Bf2 Nd7 16. Qc2 Qf6 17. h4 Bh6 18. g4 e4 19. g5 exd3 20. Qd2 Ne5 21. Qf4 Bxg5 22. hxg5 Qxg5 23. Qxg5 Nxf3+ 24. Kd1 Nxg5 25. Kd2 Ne4+ 26. Nxe4 fxe4 27. Bg3 Rf6 28. Rhf1 Rg6 29. Bf4 Bg4 30. b4 Rc8 31. Rac1 Be2 32. Rf2 b6 33. Be3 Rb8 34. Bd4 Bf3 35. a4 Rg5 36. Be3 Rf5 37. Bd4 a5 38. Rb1 Rff8 39. Rff1 Rfc8 40. Rfc1 Bg4 41. bxa5 bxa5 42. Rxb8 Rxb8 43. c5 dxc5 44. Rxc5 Rb4 45. Bc3 Rxa4 46. Rc7 Ra2+ 47. Ke3 Re2+ 48. Kf4 d2 49. Rxg7+ Kf8 50. Rxg4 d1Q 0-1

[Event "Wch U14 Girls"]
[Site "Montesilvano"]
[Date "2023.11.17"]
[Round "5"]
[White "Zeng, Vera"]
[Black "Li, Anna Sofie"]
[Result "0-1"]
[WhiteElo "1528"]
[BlackElo "1722"]
[PlyCount "76"]
[EventDate "2023.11.13"]
[EventType "swiss"]
[EventRounds "11"]
[EventCountry "ITA"]
[SourceTitle "CB48_2023"]
[SourceDate "2023.11.29"]
[SourceVersion "1"]
[SourceVersionDate "2023.11.29"]
[SourceQuality "1"]

1. d4 d5 2. c4 c6 3. cxd5 cxd5 4. Nc3 Nf6 5. Nf3 Nc6 6. Bf4 Bf5 7. e3 e6 8. Rc1 Bd6 9. Qb3 Rb8 10. Bxd6 Qxd6 11. Be2 0-0 12. 0-0 h6 13. a3 a6 14. Na4 Ne4 15. Qb6 Rfc8 16. Nc5 Nxd4 17. Nxd4 Qxb6 18. Nd7 Qxb2 19. Rb1 Qxa3 20. Ra1 Qd6 21. Nxb8 Rxb8 22. Rfc1 Qd7 23. Nxf5 exf5 24. f3 Nd6 25. Rd1 Qe6 26. Bf1 Qxe3+ 27. Kh1 Qc5 28. Rac1 Nc4 29. Rc2 b5 30. Ra1 b4 31. Rcc1 b3 32. Rab1 b2 33. Rc2 Qd4 34. Rcxb2 Rxb2 35. Re1 Qf2 36. Ra1 Ne3 37. h3 Nxf1 38. Rxf1 Qxg2# 0-1

[Event "Wch U12 Girls"]
[Site "Batumi"]
[Date "2022.09.20"]
[Round "5"]
[White "Silva, Juliana Figueira Th"]
[Black "Li, Anna Sofie"]
[Result "1-0"]
[WhiteElo "1328"]
[BlackElo "1590"]
[PlyCount "34"]
[EventDate "2022.09.16"]
[EventType "swiss"]
[EventRounds "11"]
[EventCountry "GEO"]
[SourceTitle "EXT 2023"]
[Source "ChessBase"]
[SourceDate "2022.10.05"]
[SourceVersion "1"]
[SourceVersionDate "2022.10.05"]
[SourceQuality "1"]

1. Nf3 Nf6 2. g3 d5 3. Bg2 c5 4. 0-0 Nc6 5. d3 e5 6. Nfd2 Be6 7. e4 Qd7 8. f4 Bg4 9. Qe1 Nd4 10. Na3 c4 11. exd5 Ne2+ 12. Kh1 cxd3 13. cxd3 Nxd5 14. Nf3 Nxc1 15. Rxc1 Bxf3 16. Qxe5+ Qe6 17. Bxf3 Rd8 1-0

[Event "Wch U12 Girls"]
[Site "Batumi"]
[Date "2022.09.18"]
[Round "3"]
[White "Shimanskaia, Tatiana"]
[Black "Li, Anna Sofie"]
[Result "1-0"]
[WhiteElo "1353"]
[BlackElo "1590"]
[PlyCount "81"]
[EventDate "2022.09.16"]
[EventType "swiss"]
[EventRounds "11"]
[EventCountry "GEO"]
[SourceTitle "EXT 2023"]
[Source "ChessBase"]
[SourceDate "2022.10.05"]
[SourceVersion "1"]
[SourceVersionDate "2022.10.05"]
[SourceQuality "1"]

1. e4 e5 2. Nf3 Nc6 3. Bb5 a6 4. Ba4 Nf6 5. 0-0 Be7 6. Re1 0-0 7. Bxc6 bxc6 8. Nxe5 Bb7 9. d4 d5 10. exd5 cxd5 11. Bf4 c5 12. c3 Re8 13. Nd2 Qb6 14. Qb3 Qa7 15. Ndf3 Ne4 16. dxc5 Bxc5 17. Be3 Bxe3 18. fxe3 Rab8 19. Qa4 Nd6 20. Qd4 Nb5 21. Qxa7 Nxa7 22. a4 Bc8 23. b4 Bf5 24. Rad1 Rbc8 25. Rxd5 Rxc3 26. Ra5 f6 27. Rxa6 Rc7 28. b5 fxe5 29. b6 Rc6 30. Rxa7 Rxb6 31. Rc1 Rb2 32. Rcc7 Rd8 33. Rxg7+ Kh8 34. h4 Be4 35. Rgf7 Rg8 36. Ng5 Rxg2+ 37. Kf1 Rb8 38. Nxe4 Rc2 39. Rxh7+ Kg8 40. Nf6+ Kf8 41. Rh8# 1-0

[Event "Wch U12 Girls"]
[Site "Batumi"]
[Date "2022.09.17"]
[Round "2"]
[White "Li, Anna Sofie"]
[Black "Zhumagali, Raian"]
[Result "0-1"]
[WhiteElo "1590"]
[BlackElo "1278"]
[PlyCount "134"]
[EventDate "2022.09.16"]
[EventType "swiss"]
[EventRounds "11"]
[EventCountry "GEO"]
[SourceTitle "EXT 2023"]
[Source "ChessBase"]
[SourceDate "2022.10.05"]
[SourceVersion "1"]
[SourceVersionDate "2022.10.05"]
[SourceQuality "1"]

1. e4 c5 2. Nf3 d6 3. d4 cxd4 4. Nxd4 Nf6 5. Nc3 a6 6. Bd3 e6 7. 0-0 Be7 8. f3 Qc7 9. Be3 0-0 10. Qd2 b5 11. a4 b4 12. Na2 d5 13. Nxb4 dxe4 14. fxe4 Qb7 15. Na2 Nxe4 16. Qe2 Nc5 17. b3 Nxd3 18. Qxd3 e5 19. Nf5 Bxf5 20. Qxf5 Nc6 21. Nc3 Rad8 22. Rad1 Qc8 23. Rxd8 Qxd8 24. Rd1 Qc8 25. Qxc8 Rxc8 26. Rd7 Bf8 27. Ne4 f6 28. Bc5 Nd4 29. Bxd4 exd4 30. Rxd4 Rxc2 31. Rd2 Rc1+ 32. Kf2 Rb1 33. Rd3 Kf7 34. Nd2 Rb2 35. Ke2 Bb4 36. Rd4 Bxd2 37. Rxd2 Rxb3 38. Rd6 Rb2+ 39. Kf3 Rb3+ 40. Kf2 Rb2+ 41. Kf3 a5 42. Ra6 Ra2 43. Rxa5 g5 44. Ra7+ Kg6 45. a5 h5 46. a6 Kf5 47. Ra8 g4+ 48. Kg3 h4+ 49. Kxh4 Rxg2 50. h3 Rh2 51. Kg3 Rxh3+ 52. Kf2 Ra3 53. a7 Ra6 54. Kg3 Ra2 55. Rb8 Ra3+ 56. Kf2 Rxa7 57. Kg3 Ra3+ 58. Kf2 Kg5 59. Rg8+ Kf4 60. Rb8 Ra2+ 61. Kf1 f5 62. Rb5 g3 63. Rb4+ Kf3 64. Rb3+ Kg4 65. Rb4+ f4 66. Rc4 Kh3 67. Rc3 Kh2 0-1

[Event "DEN-ch U12 rapid"]
[Site "Odense"]
[Date "2021.10.01"]
[Round "7"]
[White "Derlich, Sarah Sima"]
[Black "Li, Anna Sofie"]
[Result "0-1"]
[WhiteElo "1179"]
[BlackElo "1340"]
[PlyCount "94"]
[EventDate "2021.10.01"]
[EventType "swiss"]
[EventRounds "7"]
[EventCountry "DEN"]
[SourceTitle "EXT 2024"]
[Source "ChessBase"]
[SourceDate "2023.10.10"]
[SourceVersion "1"]
[SourceVersionDate "2023.10.10"]
[SourceQuality "1"]

1. e4 e6 2. d4 d5 3. e5 c5 4. c3 Nc6 5. Nf3 Qb6 6. Be2 cxd4 7. cxd4 Nh6 8. b3 Nf5 9. Bb2 Bb4+ 10. Kf1 Bd7 11. a3 Be7 12. b4 a6 13. g4 Nh6 14. h3 f6 15. Kg2 Nf7 16. Nc3 fxe5 17. dxe5 Nfxe5 18. Na4 Qc7 19. Nxe5 Nxe5 20. Rc1 Qd6 21. Nc5 Bc6 22. Kg1 0-0 23. h4 Rf4 24. Bxe5 Qxe5 25. Nd3 Qe4 26. Nxf4 Qxf4 27. Rh3 Rf8 28. f3 Bd8 29. Kg2 Bb6 30. Rh1 d4 31. Rf1 Qxg4+ 32. Kh2 Qxh4+ 33. Kg2 Qg4+ 34. Kf2 Qh4+ 35. Kg2 Rf6 36. Bd3 Bc7 37. Rh1 Qg3+ 38. Kf1 Rxf3+ 39. Qxf3 Qxf3+ 40. Ke1 Qxh1+ 41. Kd2 Bf4+ 42. Kc2 Ba4+ 43. Kb2 Qxc1+ 44. Ka2 Bc2 45. Bxc2 Qxc2+ 46. Ka1 Bc1 47. b5 Qb2# 0-1

[Event "DEN-ch U12 rapid"]
[Site "Odense"]
[Date "2021.10.01"]
[Round "6"]
[White "Li, Anna Sofie"]
[Black "Medhus, Vitus Bondo"]
[Result "0-1"]
[WhiteElo "1340"]
[BlackElo "1856"]
[PlyCount "90"]
[EventDate "2021.10.01"]
[EventType "swiss"]
[EventRounds "7"]
[EventCountry "DEN"]
[SourceTitle "EXT 2024"]
[Source "ChessBase"]
[SourceDate "2023.10.10"]
[SourceVersion "1"]
[SourceVersionDate "2023.10.10"]
[SourceQuality "1"]

1. d4 Nf6 2. c4 c5 3. dxc5 e5 4. Nc3 Bxc5 5. e4 d6 6. Nf3 Ng4 7. Be3 Bxe3 8. fxe3 Nxe3 9. Qd3 Qb6 10. Nb5 0-0 11. Ke2 Ng4 12. Qd2 Nf2 13. Rg1 Nxe4 14. Qe3 Nc5 15. b4 Ne6 16. Qxb6 axb6 17. Nxd6 Nc6 18. b5 Ned4+ 19. Nxd4 Nxd4+ 20. Kf2 Nb3 21. Rd1 Rxa2+ 22. Be2 Bg4 23. Rge1 Nd4 24. Rxd4 exd4 25. Kf1 Bxe2+ 26. Rxe2 Rxe2 27. Kxe2 d3+ 28. Kd2 Rb8 29. Ne4 Rd8 30. Nf2 Kf8 31. Nxd3 Ke7 32. Ke3 Kd6 33. Kd4 f6 34. h4 Re8 35. Nf4 f5 36. h5 Re4+ 37. Kd3 Rxf4 38. Kc3 Kc5 39. h6 gxh6 40. Kb3 Rxc4 41. Kb2 Kb4 42. g3 Rc3 43. g4 fxg4 44. Kb1 Kb3 45. Ka1 Rc1# 0-1

[Event "EU Union-ch U12 18th"]
[Site "Mureck"]
[Date "2021.08.09"]
[Round "6"]
[White "Ahn, Maximilian"]
[Black "Li, Anna Sofie"]
[Result "1-0"]
[WhiteElo "1131"]
[BlackElo "1338"]
[PlyCount "119"]
[EventDate "2021.08.04"]
[EventType "swiss"]
[EventRounds "9"]
[EventCountry "AUT"]
[SourceTitle "EXT 2022"]
[Source "ChessBase"]
[SourceDate "2021.10.06"]
[SourceVersion "1"]
[SourceVersionDate "2021.10.06"]
[SourceQuality "1"]

1. e4 e6 2. b3 d5 3. Bb2 dxe4 4. Nc3 Nf6 5. Qe2 Nc6 6. Nxe4 Nxe4 7. Qxe4 Qd5 8. Qxd5 exd5 9. 0-0-0 Be6 10. Nf3 0-0-0 11. Bb5 Bd7 12. Rhe1 f6 13. Re2 Bc5 14. Bxc6 Bxc6 15. Nd4 Bd7 16. f3 Rhe8 17. Rde1 Rxe2 18. Rxe2 Bd6 19. g3 c5 20. Ba3 Bf8 21. Ne6 Re8 22. Nf4 Rxe2 23. Nxe2 b6 24. d4 Kc7 25. Kd2 Bd6 26. g4 c4 27. Bxd6+ Kxd6 28. Kc3 a6 29. h4 a5 30. bxc4 dxc4 31. Kxc4 Bc6 32. Ng1 g6 33. a3 b5+ 34. Kc3 f5 35. g5 Kd5 36. Kd3 b4 37. axb4 axb4 38. c4+ Kd6 39. Kc2 Ba4+ 40. Kb2 Kc6 41. Nh3 Bd1 42. f4 b3 43. Nf2 Bc2 44. Kc3 Kd6 45. Nd3 Bxd3 46. Kxd3 Kc6 47. Kc3 Kd6 48. Kxb3 Kc6 49. Kb4 Kd6 50. Kb5 Kc7 51. Kc5 Kd7 52. Kb6 Kd6 53. Kb7 Kd7 54. c5 Ke6 55. c6 Kd5 56. c7 Kxd4 57. c8Q Ke3 58. Qc7 Kf3 59. Qxh7 Kxf4 60. Qxg6 1-0

[Event "Wch FIDE Online U12 Girls Europe qual"]
[Site "Tornelo INT"]
[Date "2020.12.08"]
[Round "5"]
[White "Cibulskyte, Smilte"]
[Black "Li, Anna Sofie"]
[Result "0-1"]
[WhiteElo "1139"]
[BlackElo "1313"]
[PlyCount "132"]
[EventDate "2020.12.07"]
[EventType "swiss (rapid)"]
[EventRounds "7"]
[EventCountry "ISS"]
[SourceTitle "EXT 2022"]
[Source "ChessBase"]
[SourceDate "2021.10.06"]
[SourceVersion "1"]
[SourceVersionDate "2021.10.06"]
[SourceQuality "1"]

1. e4 e6 2. d4 d5 3. Nd2 Nf6 4. e5 Nfd7 5. Bd3 c5 6. c3 Nc6 7. Ne2 Qb6 8. Nf3 Be7 9. 0-0 0-0 10. Qc2 f5 11. Qd1 cxd4 12. cxd4 Qc7 13. Ng5 Nb6 14. Qc2 Bd7 15. Be3 h6 16. Nf3 Rac8 17. Rac1 Qb8 18. Qb3 Na5 19. Qd1 Nac4 20. Bxc4 Nxc4 21. b3 Nxe3 22. fxe3 Bb5 23. Re1 b6 24. Qd2 a5 25. a4 Ba6 26. Qb2 Bb4 27. Red1 Qb7 28. Kf2 Qe7 29. Rxc8 Rxc8 30. Rc1 Rf8 31. Qc2 Rc8 32. Qb2 Kh7 33. Rxc8 Bxc8 34. Nc3 Qc7 35. Nb5 Qd7 36. Qc2 Ba6 37. Qc7 Bxb5 38. Qxb6 Bc6 39. g3 Qb7 40. Qd8 Be7 41. Qxa5 Qxb3 42. Qc7 Qc2+ 43. Kf1 Bb5+ 44. Kg1 Qxc7 45. axb5 Qb6 46. Kg2 Qxb5 47. h4 Qe2+ 48. Kh3 Qxf3 49. e4 g5 50. h5 g4+ 51. Kh2 Bb4 52. exf5 Qf2+ 53. Kh1 Qxf5 54. Kh2 Qf2+ 55. Kh1 Qe1+ 56. Kh2 Bd2 57. Kg2 Qe2+ 58. Kh1 Be1 59. Kg1 Qf2+ 60. Kh1 Qf1+ 61. Kh2 Qf2+ 62. Kh1 Qxd4 63. Kh2 Qd2+ 64. Kh1 Bxg3 65. Kg1 Qf2+ 66. Kh1 Qh2# 0-1